| 000 | 00540nam a22001697a 4500 | ||
|---|---|---|---|
| 090 | _c10193 | ||
| 008 | 080923t xxu||||| |||| 00| 0 eng d | ||
| 020 | _a9773040410 | ||
| 082 |
_221 _a004.03 _bELI |
||
| 245 | _aThe Elias Dictionary of Computing Multimedia And The Internet | ||
| 250 | _bEnglish ed. | ||
| 260 |
_aEgypt: _bElias Modern Publishing House, _cc.2000. |
||
| 300 |
_a285p: _bill; _c22 cm. |
||
| 500 | _aEnglish Edition. | ||
| 500 | _aText and General Illustrations Helicon publishing LTD 1997,1998, 1999. | ||
| 942 |
_2ddc _cBB |
||
| 999 |
_c10193 _d10193 |
||